000
00362nam a2200169Ia 4500
003
0100
008
130303s9999 xx 000 0 und d
040
_c
ARRUPELIB
050
_a
PZ3.O65SC351968
100
_a
Orczy, Baroness
245
4
_a
The Scarlet Pimpernel
260
_a
NY
260
_b
Pyramid books
260
_C
1968
300
_a
223p
942
0
0
_0
1
999
_c
36241
_d
36241